| 000 | 02184cam a2200373 a 4500 | ||
|---|---|---|---|
| 001 | 3144537 | ||
| 005 | 20220326193318.0 | ||
| 008 | 011116s2001 gw a bc 000 0 gerod | ||
| 016 | 7 |
_a96232230X _2GyFmDB |
|
| 020 | _a3933096634 | ||
| 035 | _a(OCoLC)48458020 | ||
| 035 | _a(NNC)3144537 | ||
| 040 |
_a*OHX* _c*OHX* _dWU _dNN _dWaOLN _dCStRLIN _dNNC |
||
| 041 | 0 | _agereng | |
| 082 |
_a708 _bA792u |
||
| 100 | 1 |
_aArtschwager, Richard, _d1923-2013. _92448 |
|
| 245 | 1 | 0 |
_aRichard Artschwager : _bup and across / _cNeues Museum in Nürnberg, Serpentine Gallery, London, MAK, Wien. |
| 246 | 3 | 0 | _aUp and across |
| 260 |
_aNürnberg : _bVerlag für moderne Kunst, _cc2001. |
||
| 300 |
_a176 p. : _bill. (some col.) ; _c27 cm. |
||
| 500 | _aCatalog of exhibitions at the Neues Museum in Nürnberg, Sept. 7-Nov. 18, 2001, at the Serpentine Gallery, London, Dec. 12, 2001-Feb. 10, 2002, and at MAK, Vienna, Mar. 27-June 16, 2002. | ||
| 500 | _aConception for the exhibition: Melitta Kliege and Richard Artschwager in collaboration with Lisa Corrin; Catalog: Melitta Kliege. | ||
| 504 | _aIncludes bibliographical references (p. 173-174). | ||
| 505 |
_tPreface _tChallege to looking. The Paintings and Sculturen von Richard Artschwager _rMelitta Kliege _tArtschwager´s Way: An introduction to the Notebooks of Richard Artschwager _rLisa G. Corrin _tA Revised short History of the Blp _rIngrid Schaffner _tArt´s Wager: Richard Artschwager and the New York Art World in the sixties _rJudith E. Stein _tRichard Artschawager and Europe _rDirk Luckow _tRichard Artschwager interviewed by jan mac Devitt in 1965 _tautochronology _tWorks in Exhibition _tDocumentation on Selected Exhibitions _tBiography _tauthors _tSelected Bibliography _tauthors _tPhoto Credits _tColophon |
||
| 546 | _aText in German and English. | ||
| 600 | 1 | 0 |
_aArtschwager, Richard, _d1923-2013 _vExhibitions. _92449 |
| 650 |
_aModern Art _ySiglo XX _92450 |
||
| 700 | 1 |
_aKliege, Melitta, _d1962- _92451 |
|
| 700 | 1 |
_aCorrin, Lisa G. _92452 |
|
| 710 | 2 |
_aNeues Museum (Nuremberg, Germany) _92447 |
|
| 710 | 2 |
_aSerpentine Gallery. _92453 |
|
| 710 | 2 |
_aÖsterreichisches Museum für Angewandte Kunst. _92198 |
|
| 999 |
_c531 _d531 |
||